| 000 | 00941nam a22001937a 4500 | ||
|---|---|---|---|
| 005 | 20240813104908.0 | ||
| 010 | _aHIN-128158 | ||
| 020 |
_a9788119936069 _c190.00 |
||
| 035 | _aHN-100504 | ||
| 037 | _bDBAD | ||
| 082 | _a700.954 | ||
| 245 |
_aयोजना क्लासिक: _bकला संस्कृति एवं विरासत / _cममता रानी द्वारा संपादित |
||
| 250 | _a1 | ||
| 260 |
_a नई दिल्ली _bप्रकशन विभाग _c2024 |
||
| 270 |
_aसूचना एव प्रसारण मंत्रालय, सूचना भवन सी.जी.ओ .काम्प्लेक्स लोधी रोड _bनई दिल्ली _e110003 |
||
| 300 |
_a202पृ. _c24 सेमी (सजिल्द) |
||
| 700 |
_aममता रानी _969863 |
||
| 942 |
_cHN _2ddc _h700.954 _mयोजना |
||
| 999 |
_c204995 _d204995 |
||